Countries Where Polygamy is Legal - Statistics

General Stats
  • This quiz has been taken 40 times
  • The average score is 45 of 57
Answer Stats
Country % Correct
Pakistan
100%
Egypt
97%
Iraq
97%
United Arab Emirates
97%
Bahrain
94%
Iran
94%
Libya
94%
Malaysia
94%
Oman
94%
Yemen
94%
Afghanistan
90%
Algeria
90%
India
90%
Indonesia
90%
Mali
90%
Morocco
90%
Qatar
90%
Saudi Arabia
90%
Sudan
90%
Cameroon
87%
Lebanon
87%
Syria
87%
Bangladesh
84%
Central African Republic
84%
Jordan
84%
Mauritania
84%
Niger
84%
Senegal
84%
Somalia
84%
Djibouti
81%
Kuwait
81%
South Sudan
81%
Brunei
77%
Eritrea
77%
Gambia
77%
Kenya
77%
Burkina Faso
74%
Chad
74%
Congo, Republic of the
74%
Tanzania
74%
Bhutan
71%
Maldives
71%
Burundi
68%
Comoros
68%
Gabon
68%
Malawi
68%
Rwanda
68%
Sri Lanka
68%
Sao Tome and Principe
65%
Togo
65%
Uganda
65%
Guinea-Bissau
58%
Myanmar
58%
Cape Verde
55%
Singapore
55%
Zambia
55%
Philippines
45%
No matching quizzes found
Score Distribution
Percent of People with Each Score
Percentile by Number Answered
Your Score History
You have not taken this quiz